70s Sitcoms by Picture - Statistics

General Stats
  • This quiz has been taken 310 times
  • The average score is 13 of 20
Answer Stats
Picture Answer % Correct
M*A*S*H
94%
Mork and Mindy
88%
Taxi
87%
Happy Days
86%
The Love Boat
86%
All in the Family
80%
The Mary Tyler Moore Show
80%
The Jeffersons
74%
Three's Company
74%
Diff'rent Strokes
72%
Sanford & Son
67%
The Odd Couple
66%
The Bob Newhart Show
62%
Benson
59%
The Facts of Life
57%
Barney Miller
51%
Soap
49%
Fawlty Towers
48%
What's Happening!!
34%
Are You Being Served?
32%
No matching quizzes found
Score Distribution
Percent of People with Each Score
Percentile by Number Answered
Your Score History
You have not taken this quiz